| 000 | 00319nam a22001097a 4500 | ||
|---|---|---|---|
| 082 | _a621.46 AUD'A | ||
| 100 |
_aANDERSON, F. P _956950 |
||
| 245 | _aAUDELS ELECTRIC MOTOR GUIDE OVERING CONSTRUCTION CONTROL AND MAINTENANCE INCLUDING ARMATURE WINDING | ||
| 260 |
_aNEWYORK _b1963 _cAUDELS |
||
| 300 | _a1036P | ||
| 942 | _cBK | ||
| 999 |
_c567267 _d567267 |
||